The 8088 microprocessor : Programming, interfacing, software and applications /

Na minha lista:
Detalhes bibliográficos
Main Authors: Singh, Auter (Author), Triebel, Walter A (Author)
Formato: Livro
Idioma:inglês
Publicado em: Englewood Cliffs : Prentice Hall, 1989
Tags: Adicionar Tag
Sem tags, seja o primeiro a adicionar uma tag!

MARC

LEADER 00000nam a22000003a 4500
001 stu1845
005 20150617225619.6
008 920604s1989----xxu-----------------eng-d
040 |a STU  |b slo 
041 0 |a eng 
044 |a xxu 
080 |a 681.326-181.4 
100 1 |a Singh, Auter  |4 aut 
245 1 |a The 8088 microprocessor :  |b Programming, interfacing, software and applications /  |c [aut.] Singh,Auter; Triebel,Walter A 
260 |a Englewood Cliffs :  |b Prentice Hall,  |c 1989 
300 |a 506 s 
700 1 |a Triebel, Walter A  |4 aut 
996 |b 284IK06496  |c I*2HS4254  |l I  |s A  |a 24  |w stu1845_0001